000 02865nam a22002537a 4500
005 20211028152410.0
008 211028b ||||| |||| 00| 0 eng d
020 _a8173041083
040 _cAL
041 _aeng
082 _223
_a305.56
_bHAUS
100 _aWalter Hauser Ed
_99204
245 _aSwami Sahajanand and The Peasants of Jharkhand: A View From 1941
260 _aNew Delhi
_bManohar
_c1995
300 _axviii,369 p.
_bHB
_c22x15 cm.
365 _b450.00
_c
_d450.00
500 _aOriginally Written in Hindi Tr in English Jharkhand ke kisan
520 _aA distinguished historian of India recently described Swami Sahajanand as India's foremost peasant leader. That Sahajanand's role in the social and political history of the twentieth century is only now being defined in these terms suggests something of the personal and political complexity of the man and his mission. His role in the politics of the Freedom Movement was played out in Eastern U.P. where he was born and educated, and from the late 1920s in the neighbouring state of Bihar in the Bihar Provincial Kisan Sabha, and from 1936 on the national state in the All India Kisan Sabha. The Jharkhand ke Kisan tract presented here is an edited translation and in the original and unedited Hindi, provides textual access to yet another dimension of Sahajanand's remarkable career. It was a career always on the leading edge of cultural, social and political change, which for Sahajanand had to be transformational in character. So it is not surprising that we find him here exploring the cultural and historical experience of the peasants of Jharkhand in the Chotanagpur plateau of Bihar. The richness of this tract, written in 1941, is revealed both in the vivid descriptions of the lived experience of the Adivasi kisans which Sahajanand provides and in the conceptual definitions he gives those lives in the fields, forests, and mountains of this remarkable cultural space. To use his words, the open loot and fraud must stop. Professor Hauser has rendered an easily readable English translation of Sahajanand's tract while at the same time retaining the style and graphic images of the Swami's Hindi original. In a brief introduction and in the editor's endnotes following each chapter, Professor Hauser places Sahajanand's ideas in the personal and political context of the time and provides appropriate bibliographic references. While this is a view from 1941, in many ways Sahajanand's argument bears an uncanny contemporary relevance. That too is part of the importance of this historical document.
_uhttp://melinoe-athens.charlierees.xyz/download/bZsH3X0HptsC-swami-sahajanand-and-the-peasants-of-jharkhand
650 _aSocial Groups
_99205
650 _aPeasants
_99206
650 _aSocial Conditions
_99207
700 _aHAUSER (Walter) Ed
_99208
942 _2ddc
_cGF
999 _c220265
_d220265